|
|
|
|
| LEADER |
00000nam2a2200000 4500 |
| 001 |
410277 |
| 005 |
20231101071316.0 |
| 035 |
|
|
|a (RuTPU)RU\TPU\prd\64187
|
| 035 |
|
|
|a RU\TPU\prd\37635
|
| 090 |
|
|
|a 410277
|
| 100 |
|
|
|a 20090317a19599999k y0rusy50 ca
|
| 101 |
0 |
|
|a rus
|
| 102 |
|
|
|a RU
|
| 200 |
0 |
|
|a Т. 47, № 3
|
| 210 |
|
|
|d 2005
|
| 461 |
|
1 |
|0 (RuTPU)RU\TPU\prd\127
|x 0016-7770
|t Геология рудных месторождений
|o научный журнал
|f Российская академия наук (РАН)
|v Т. 47, № 3
|d 1959-
|
| 801 |
|
0 |
|a RU
|b 63413507
|c 20010227
|g PSBO
|
| 801 |
|
1 |
|a RU
|b 63413507
|c 20050829
|g PSBO
|
| 801 |
|
2 |
|a RU
|b 63413507
|c 20230629
|g PSBO
|
| 942 |
|
|
|c BK
|
| 999 |
|
|
|a НТБ_ТПУ
|b НФ
|e -1/20050104
|p П-6557
|s 6/20040910
|u 547,00
|v 1
|y 13821000865209
|